[Event "Sparkassen-Open B"]
[Site "Heusenstamm, Martinsee"]
[Date "2023.11.25"]
[Round "4.44"]
[White "Brunner, Andreas"]
[Black "Arne, Julius"]
[Result "1-0"]
[WhiteElo "1414"]
[BlackElo "1073"]
[PlyCount "63"]
[EventDate "2023.??.??"]
[WhiteTeam "FV Berkersheim"]
[BlackTeam "SG Kaiserslautern 1905"]

1. Nf3 Nc6 2. c4 e5 3. Nc3 Bb4 4. a3 Bxc3 5. bxc3 d6 6. g3 Nf6 7. Bg2 Bd7 8. O-O O-O 9. d3 h6 10. Rb1 Rb8 11. a4 e4 12. Ne1 Re8 13. d4 Bf5 14. e3 d5 15. cxd5 Nxd5 16. Qc2 Qe7 17. Rb5 Qe6 18. Qb3 Nb6 19. d5 Qd7 20. dxc6 bxc6 21. Rxf5 Qxf5 22. Nc2 Qd5 23. Qxd5 cxd5 24. Nb4 Rbc8 25. Nc6 Nxa4 26. Bh3 Ra8 27. Bd7 Nxc3 28. Ba3 Red8 29. Nxd8 Rxd8 30. Bc6 a5 31. Bc5 Rb8 32. Ra1 1-0

[Event "Sparkassen-Open B"]
[Site "Heusenstamm, Martinsee"]
[Date "2023.11.25"]
[Round "4.45"]
[White "Culha, Merve"]
[Black "Laznik, Zeljko"]
[Result "1/2-1/2"]
[WhiteElo "837"]
[BlackElo "1407"]
[PlyCount "79"]
[EventDate "2023.??.??"]
[WhiteTeam "SC Heusenstamm"]
[BlackTeam "SF Heusenstamm"]

1. e4 e5 2. Nf3 Nc6 3. d4 exd4 4. Nxd4 Nxd4 5. Qxd4 Qf6 6. e5 Qf5 7. Bd3 Qe6 8. O-O Ne7 9. Nc3 Nc6 10. Qf4 d6 11. exd6 Bxd6 12. Qh4 Be7 13. Bg5 Qg4 14. Qxg4 Bxg4 15. Rfe1 Be6 16. Bf4 Bd6 17. Bg5 h6 18. Bd2 O-O 19. Re3 Nd4 20. Nb5 Nf5 21. Bxf5 Bxf5 22. Nxd6 cxd6 23. Rg3 Kh7 24. Bc3 g5 25. h4 f6 26. h5 Bxc2 27. Re1 Rf7 28. Re6 Rd8 29. Bxf6 Bf5 30. Bxd8 Bxe6 31. a4 Rd7 32. Bf6 d5 33. Re3 Bf7 34. g4 Rd6 35. Bd4 Be6 36. f3 b6 37. Kf2 Kg8 38. Ke2 Kf7 39. Kd2 Rc6 40. b3 1/2-1/2

[Event "Sparkassen-Open B"]
[Site "Heusenstamm, Martinsee"]
[Date "2023.11.25"]
[Round "4.48"]
[White "Manasek, Martin"]
[Black "Heidtkamp, Anna"]
[Result "0-1"]
[WhiteElo "1500"]
[BlackElo "1267"]
[PlyCount "168"]
[EventDate "2023.??.??"]
[WhiteTeam "SC Flörsheim 1921"]
[BlackTeam "Düsseldorfer SV 1854"]

1. d4 d5 2. c4 e6 3. Nc3 Nf6 4. Bg5 Be7 5. Nf3 O-O 6. e3 Nbd7 7. Bd3 c5 8. O-O h6 9. Bh4 Re8 10. Qc2 b6 11. Rfd1 Ba6 12. Nb5 Bb7 13. Bg3 Rf8 14. Rac1 a6 15. Nc3 Rc8 16. b3 Re8 17. Qb2 Rf8 18. Qe2 Ra8 19. Na4 Qc8 20. Ne5 dxc4 21. bxc4 Qd8 22. dxc5 Bxc5 23. Nxc5 bxc5 24. Rb1 Qc8 25. Nf3 Rd8 26. Qc2 Bxf3 27. gxf3 Qc6 28. Be2 Nb6 29. Rxd8+ Rxd8 30. Rd1 Rxd1+ 31. Qxd1 Nfd7 32. Qc2 Nf6 33. e4 Nfd7 34. Kg2 f6 35. h4 e5 36. h5 Nf8 37. f4 Ne6 38. Qd3 exf4 39. Bh2 Nd4 40. Bxf4 Kh8 41. f3 Qa4 42. Bd1 Qxa2+ 43. Kg3 Nxc4 44. Bc1 Ne5 45. Qc3 Nc4 46. Qd3 a5 47. f4 a4 48. e5 fxe5 49. Qg6 exf4+ 50. Bxf4 Nb2 51. Qe8+ Qg8 52. Bxa4 Qxe8 53. Bxe8 Ne2+ 54. Kf3 Nxf4 55. Kxf4 c4 56. Bg6 Kg8 57. Ke3 Kf8 58. Kd2 Na4 59. Bc2 Nb6 60. Kc3 Nd5+ 61. Kd4 Nf4 62. Bd1 c3 63. Kxc3 Ke7 64. Kd4 Kf6 65. Ke4 Kg5 66. Kf3 Nxh5 67. Kg2 Nf4+ 68. Kh2 Kh4 69. Bf3 g5 70. Bd1 h5 71. Bf3 g4 72. Bh1 g3+ 73. Kg1 Kg4 74. Bb7 h4 75. Bc8+ Kf3 76. Bb7+ Ke2 77. Ba6+ Ke1 78. Bc8 Kd2 79. Bg4 Ke3 80. Bc8 h3 81. Bxh3 Nxh3+ 82. Kg2 Kf4 83. Kh1 Nf2+ 84. Kg1 Kg4 0-1

[Event "Sparkassen-Open B"]
[Site "Heusenstamm, Martinsee"]
[Date "2023.11.25"]
[Round "4.50"]
[White "Samy A S, Anthoni"]
[Black "Pichl, Johann"]
[Result "0-1"]
[WhiteElo "1329"]
[BlackElo "1475"]
[PlyCount "94"]
[EventDate "2023.??.??"]
[WhiteTeam "SC Eschborn 1974"]
[BlackTeam "SK Bad Homburg 1927"]

1. e4 d5 2. e5 Bf5 3. d4 e6 4. a3 c5 5. Bb5+ Nc6 6. c3 a6 7. Ba4 b5 8. Bc2 Bxc2 9. Qxc2 Rc8 10. dxc5 Bxc5 11. b4 Ba7 12. Qb2 Nxe5 13. Qe2 Ng6 14. Nf3 N8e7 15. O-O O-O 16. Be3 Bb8 17. g3 Bd6 18. Rc1 Qd7 19. Nbd2 Rc6 20. Nd4 Rc7 21. N2b3 Rfc8 22. Qd2 Ne5 23. Na5 N7c6 24. Kg2 Nxa5 25. bxa5 Nc4 26. Qd3 Nxa5 27. Ra2 Nc4 28. Bf4 e5 29. Qf5 exf4 30. Qxd7 Rxd7 31. a4 b4 32. cxb4 Ne3+ 33. fxe3 Rxc1 34. exf4 Bxb4 35. Rc2 Rxc2+ 36. Nxc2 a5 37. Kf3 d4 38. Nxb4 axb4 39. Ke2 b3 40. Kd1 d3 41. Kc1 d2+ 42. Kd1 b2 43. Kc2 d1=Q+ 44. Kxb2 Qxa4 45. Kc3 Qc6+ 46. Kb4 Rb7+ 47. Ka5 Qb5# 0-1

[Event "Sparkassen-Open B"]
[Site "Heusenstamm, Martinsee"]
[Date "2023.11.25"]
[Round "4.51"]
[White "Wiencken, Marcus"]
[Black "Koch, Mika Jonas"]
[Result "0-1"]
[WhiteElo "1232"]
[BlackElo "1412"]
[PlyCount "64"]
[EventDate "2023.??.??"]
[WhiteTeam "Schachforum Darmstadt 1994"]
[BlackTeam "SK Marburg 1931/72"]

1. e4 c5 2. Nf3 d6 3. Bc4 Nc6 4. O-O Nf6 5. d3 g6 6. Ng5 e6 7. Nf3 Bg7 8. Bg5 h6 9. Bf4 O-O 10. Re1 a6 11. Bxd6 Qxd6 12. e5 Nxe5 13. Nxe5 Ng4 14. Qxg4 Bxe5 15. c3 Bxh2+ 16. Kh1 Be5 17. Nd2 Bg7 18. Re3 b5 19. Bb3 Bb7 20. Qh4 Bd5 21. Bd1 Kh7 22. Nf3 Rfe8 23. Ng5+ Kg8 24. Rg3 hxg5 25. Qxg5 Qe5 26. Qh4 Kf8 27. Bc2 Bf6 28. Qh7 Ke7 29. d4 cxd4 30. Bxg6 Rh8 31. Rh3 Rxh7 32. Rxh7 Rh8 0-1

[Event "Sparkassen-Open B"]
[Site "Heusenstamm, Martinsee"]
[Date "2023.11.25"]
[Round "4.53"]
[White "Stojanoski, Stefan"]
[Black "Junkers, Günter"]
[Result "1-0"]
[WhiteElo "1354"]
[BlackElo "1192"]
[PlyCount "55"]
[EventDate "2023.??.??"]
[WhiteTeam "SAbt TuS Makkabi Ffm"]
[BlackTeam "SSG Rödermark/Eppertshausen"]

1. e4 e5 2. Nf3 Nc6 3. Bc4 d5 4. exd5 Nd4 5. Nxd4 exd4 6. O-O Bd6 7. Re1+ Ne7 8. c3 dxc3 9. Nxc3 O-O 10. d4 Nf5 11. Nb5 Bb4 12. Bd2 Be7 13. Bf4 Bb4 14. Rf1 Ba5 15. Rc1 c6 16. dxc6 bxc6 17. Na3 Qh4 18. g3 Qd8 19. d5 Bc7 20. Bxc7 Qxc7 21. dxc6 Qxc6 22. Bxf7+ Rxf7 23. Rxc6 Rf8 24. Qb3+ Kh8 25. Rd1 Ne7 26. Rc7 Ng6 27. Qc3 Be6 28. Qxg7# 1-0

[Event "Sparkassen-Open B"]
[Site "Heusenstamm, Martinsee"]
[Date "2023.11.25"]
[Round "5.1"]
[White "Köberl, Christiane"]
[Black "Hensel, Roman"]
[Result "1/2-1/2"]
[WhiteElo "1496"]
[BlackElo "1474"]
[PlyCount "162"]
[EventDate "2023.??.??"]
[WhiteTeam "SK Klingenberg"]
[BlackTeam "SV Oberursel"]

1. d4 d5 2. Nf3 Nf6 3. e3 c6 4. b3 Bf5 5. Bb2 e6 6. Nbd2 Nbd7 7. Bd3 Bxd3 8. cxd3 c5 9. O-O cxd4 10. Bxd4 Bd6 11. e4 dxe4 12. dxe4 Bc5 13. Nc4 O-O 14. e5 Bxd4 15. Qxd4 Nd5 16. Nd6 b6 17. Rac1 Qe7 18. Rc6 Nc5 19. b4 Nb7 20. Rfc1 Rfd8 21. Nxb7 Qxb7 22. a3 Rac8 23. b5 Ne7 24. Rxc8 Rxc8 25. Rd1 Qd5 26. Qa4 Qb7 27. h3 Nd5 28. Qe4 h6 29. Nd2 Qc7 30. Qg4 Qxe5 31. Nc4 Qf4 32. Qxf4 Nxf4 33. Ne5 Rc5 34. Rd8+ Kh7 35. Nxf7 Rxb5 36. Rd7 Ra5 37. g3 Nxh3+ 38. Kg2 Ng5 39. Nxg5+ hxg5 40. Rd3 g4 41. Re3 e5 42. Kf1 Kg6 43. Ke2 Kf5 44. Rc3 Rc5 45. Rd3 g5 46. Rd7 Ra5 47. Rd3 Ke4 48. Rb3 Kd4 49. Kd2 e4 50. Rb4+ Kd5 51. Rb3 Rc5 52. Ke3 b5 53. Ke2 a6 54. Kd2 Kd4 55. Rb4+ Rc4 56. Rb3 Kc5 57. Rb1 Kd5 58. Rb3 Rc6 59. Rb1 Rf6 60. Ke2 Rf3 61. a4 Kc5 62. Rc1+ Kb4 63. axb5 axb5 64. Rc7 Rc3 65. Re7 Rc4 66. Re5 Kc3 67. Rxb5 Kd4 68. Rxg5 Rc2+ 69. Kf1 e3 70. Rxg4+ Kd3 71. fxe3 Kxe3 72. Rf4 Rd2 73. Kg1 Rb2 74. Rf1 Ra2 75. g4 Ke4 76. Rf8 Ke5 77. g5 Ra4 78. Kf2 Rg4 79. Ra8 Rxg5 80. Ra5+ Kf6 81. Rxg5 Kxg5 1/2-1/2

[Event "Sparkassen-Open B"]
[Site "Heusenstamm, Martinsee"]
[Date "2023.11.25"]
[Round "5.2"]
[White "Steinbrenner, Peter"]
[Black "Haftmann, Rainer"]
[Result "1-0"]
[WhiteElo "1718"]
[BlackElo "1698"]
[PlyCount "79"]
[EventDate "2023.??.??"]
[WhiteTeam "SG Kaiserslautern 1905"]
[BlackTeam "SAbt SG 1945 Dietzenbach"]

1. e4 e5 2. Nf3 Nc6 3. Bb5 a6 4. Ba4 Nf6 5. O-O b5 6. Bb3 Be7 7. Re1 O-O 8. a4 Bb7 9. c3 d6 10. d4 exd4 11. cxd4 b4 12. Nbd2 Na5 13. Bc2 c5 14. b3 Qc7 15. Bb2 Rfd8 16. d5 Nd7 17. Rc1 Bf6 18. Bxf6 Nxf6 19. Nc4 Nxc4 20. bxc4 Re8 21. Qd3 g6 22. h3 Nd7 23. Nd2 Re7 24. f4 f6 25. Re3 Rae8 26. Rg3 Nf8 27. Rf1 Kh8 28. Nf3 Bc8 29. Qd2 b3 30. Bb1 Bd7 31. Qc3 Bxa4 32. Qxf6+ Rg7 33. Qc3 Rb8 34. e5 Be8 35. e6 a5 36. Nh4 a4 37. f5 a3 38. f6 a2 39. fxg7+ Qxg7 40. Rxf8# 1-0

[Event "Sparkassen-Open B"]
[Site "Heusenstamm, Martinsee"]
[Date "2023.11.25"]
[Round "5.3"]
[White "Michalski, Uwe"]
[Black "Niesel, Sebastian"]
[Result "1/2-1/2"]
[WhiteElo "1677"]
[BlackElo "1355"]
[PlyCount "86"]
[EventDate "2023.??.??"]
[WhiteTeam "Sfr.Mainz 1928"]
[BlackTeam "SV 1934 Ffm-Griesheim"]

1. e4 e5 2. Bc4 Nc6 3. Nc3 Nf6 4. a4 Bc5 5. d3 d6 6. Nf3 Bg4 7. Be3 Nd4 8. Bxd4 Bxd4 9. h3 Bxc3+ 10. bxc3 Be6 11. Bxe6 fxe6 12. O-O O-O 13. Qe2 Qd7 14. g4 Qf7 15. Ng5 Qe7 16. Qe3 Nd7 17. Nf3 Rf4 18. Kg2 Raf8 19. Nh2 b6 20. a5 d5 21. axb6 axb6 22. f3 Qd6 23. Ra7 R4f7 24. Rfa1 Qc6 25. d4 exd4 26. Qxd4 Rf4 27. exd5 exd5 28. Qe3 d4 29. cxd4 Qxc2+ 30. Kg3 Qc6 31. Rc1 Qd6 32. Kg2 Rxd4 33. Rc2 Nc5 34. Rca2 Rdf4 35. Rd2 Qc6 36. Rd4 R4f6 37. Qe5 Rxf3 38. Nxf3 Qxf3+ 39. Kg1 Qf2+ 40. Kh1 Qf3+ 41. Kh2 Qf2+ 42. Kh1 Qf3+ 43. Kh2 Qf2+ 1/2-1/2

[Event "Sparkassen-Open B"]
[Site "Heusenstamm, Martinsee"]
[Date "2023.11.25"]
[Round "5.4"]
[White "Burow, Roger"]
[Black "Welther, Patrick"]
[Result "0-1"]
[WhiteElo "1570"]
[BlackElo "1420"]
[PlyCount "54"]
[EventDate "2023.??.??"]
[WhiteTeam "SV 1920 Kelsterbach"]
[BlackTeam "SC 1934 Gelnhausen"]

1. e4 d6 2. Nf3 Nf6 3. d3 g6 4. Nc3 Bg7 5. Be2 O-O 6. Bg5 h6 7. Be3 c5 8. h3 Nc6 9. Qd2 Kh7 10. O-O-O Qa5 11. g4 b5 12. Bxh6 Bxh6 13. g5 b4 14. Nb1 Nxe4 15. dxe4 Bg7 16. Bc4 Be6 17. Qd3 Be5 18. Bxe6 fxe6 19. Nxe5 Nxe5 20. Qg3 Rf3 21. Qg2 Raf8 22. Rd2 Qxa2 23. h4 Nc4 24. h5 Qxb2+ 25. Kd1 Qxb1+ 26. Ke2 Rxf2+ 27. Qxf2 Rxf2+ 0-1

[Event "Sparkassen-Open B"]
[Site "Heusenstamm, Martinsee"]
[Date "2023.11.25"]
[Time "15:30:00"]
[Round "5.5"]
[White "Stehning, Michel"]
[Black "Mönch, Dorothée, Dr."]
[Result "1-0"]
[WhiteElo "1571"]
[BlackElo "1736"]
[WhiteTeam "SF Braunfels"]
[BlackTeam "Sfr.Mainz 1928"]
[PlyCount "81"]

1. d4 Nf6 2. Nf3 e6 3. Bf4 b6 4. e3 Bb7 5. Nbd2 d5 6. Bd3 Nbd7 7. c3 Bd6 8. Bg3 Qe7 9. Ne5 O-O-O 10. a4 a5 11. Qe2 Ne8 12. Ba6 Bxe5 13. dxe5 c5 14. Rb1 Nc7 15. Bxb7+ Kxb7 16. b4 axb4 17. cxb4 c4 18. e4 Ra8 19. exd5 exd5 20. a5 b5 21. O-O f5 22. Rfe1 g5 23. e6 Rhe8 24. Bxc7 Kxc7 25. exd7 Kxd7 26. Qxe7+ Rxe7 27. Rxe7+ Kxe7 28. Kf1 g4 29. f3 h5 30. Re1+ Kf6 31. Kf2 d4 32. f4 d3 33. Ra1 Ra6 34. Ra3 Re6 35. Kf1 Re2 36. Nb1 Rb2 37. Ra1 h4 38. a6 Rxb1+ 39. Rxb1 c3 40. Ke1 Ke6 41. a7 
1-0

[Event "Sparkassen-Open B"]
[Site "Heusenstamm, Martinsee"]
[Date "2023.11.25"]
[Round "5.6"]
[White "Barsov, Mikhail"]
[Black "Himmelspacht, Maxim"]
[Result "0-1"]
[WhiteElo "1405"]
[BlackElo "1574"]
[PlyCount "178"]
[EventDate "2023.??.??"]
[WhiteTeam "SK Gräfelfing"]
[BlackTeam "SK 1858 Gießen"]

1. c4 c5 2. Nc3 Nc6 3. g3 g6 4. Bg2 Bg7 5. e4 d6 6. Nge2 e5 7. O-O Nge7 8. d3 O-O 9. Be3 a6 10. f4 f5 11. Qd2 Rb8 12. a4 Be6 13. Nd5 Qd7 14. Nec3 Nd4 15. Rab1 a5 16. b3 Nec6 17. fxe5 Bxe5 18. Bh6 Rf7 19. Bf4 Rbf8 20. Bxe5 Nxe5 21. Nf4 Kg7 22. Nxe6+ Nxe6 23. exf5 Rxf5 24. Rxf5 Rxf5 25. Rf1 Nd4 26. Qd1 Rxf1+ 27. Bxf1 Qf5 28. Ne4 Qe6 29. Ng5 Qf5 30. Ne4 Qe6 31. Ng5 Qe7 32. Ne4 Qc7 33. Kf2 Qb6 34. Ke3 h5 35. h3 Nf5+ 36. Kf2 Nd4 37. Ke3 Nf7 38. Nd2 Nf5+ 39. Kf2 Nd4 40. Ke3 Kf6 41. Ne4+ Ke7 42. Nd2 Ne5 43. g4 hxg4 44. hxg4 Kd7 45. Bh3 Kc7 46. Bg2 Kb8 47. Be4 Qd8 48. Kf4 Qh4 49. Nf3 Qxg4+ 50. Ke3 Kc7 51. Qf1 Ndxf3 52. Bxf3 Nxf3 53. Qxf3 Qxf3+ 54. Kxf3 Kd7 55. Kf4 Ke6 56. Kg5 Kf7 57. Kg4 Kf6 58. Kf4 g5+ 59. Ke4 Ke6 60. Kf3 Kf5 61. Kg3 g4 62. Kg2 Kf4 63. Kf2 g3+ 64. Kg2 Kg4 65. Kg1 Kf3 66. Kf1 g2+ 67. Kg1 Ke3 68. Kxg2 Kxd3 69. Kf3 Kc3 70. Ke2 Kxb3 71. Kd3 b6 72. Kd2 Kxc4 73. Kc2 d5 74. Kd2 d4 75. Kc2 d3+ 76. Kd2 Kd4 77. Kd1 Kc3 78. Kc1 d2+ 79. Kd1 c4 80. Ke2 Kc2 81. Ke3 d1=Q 82. Ke4 Qd6 83. Kf5 Kd3 84. Kg4 c3 85. Kf5 c2 86. Kg4 c1=Q 87. Kf3 Qf1+ 88. Kg4 Qg6+ 89. Kh4 Qh1# 0-1

[Event "Sparkassen-Open B"]
[Site "Heusenstamm, Martinsee"]
[Date "2023.11.25"]
[Round "5.7"]
[White "Ahrens, Gunnar"]
[Black "Ziegler, Christopher"]
[Result "1-0"]
[WhiteElo "1661"]
[BlackElo "1524"]
[PlyCount "47"]
[EventDate "2023.??.??"]
[WhiteTeam "Delmenhorster SK V 1931"]
[BlackTeam "SV 1920 Kelsterbach"]

1. f4 d5 2. Nf3 c5 3. e3 g6 4. Bb5+ Nc6 5. Bxc6+ bxc6 6. O-O Bg7 7. d3 Nf6 8. Nbd2 O-O 9. Ne5 Qb6 10. c4 Bf5 11. Qe2 Nd7 12. Nxd7 Bxd7 13. Kh1 a5 14. Rb1 a4 15. e4 e5 16. Nf3 exf4 17. Bxf4 Rfe8 18. Qf2 dxe4 19. dxe4 Rxe4 20. Ng5 Bd4 21. Qf3 Ree8 22. Bc7 Bg4 23. Qxf7+ Kh8 24. Qxh7# 1-0

[Event "Sparkassen-Open B"]
[Site "Heusenstamm, Martinsee"]
[Date "2023.11.25"]
[Round "5.8"]
[White "Fang, Borui"]
[Black "de la Chevallerie, Gilbert"]
[Result "0-1"]
[WhiteElo "1515"]
[BlackElo "1552"]
[PlyCount "58"]
[EventDate "2023.??.??"]
[WhiteTeam "SV Oberursel"]
[BlackTeam "SV 1920 Hofheim"]

1. e4 c6 2. d4 d5 3. exd5 cxd5 4. Bd3 Nc6 5. c3 Qc7 6. Nf3 Bg4 7. h3 Bh5 8. Na3 a6 9. g4 Bg6 10. Nc2 e6 11. Ne3 Bd6 12. b3 Nf6 13. Bb2 Ne4 14. Rc1 Bg3 15. Rc2 Qf4 16. Ng2 Nxf2 17. Rxf2 Bxf2+ 18. Kxf2 Qc7 19. Re1 O-O-O 20. Ne5 Rde8 21. Nxg6 hxg6 22. Re3 e5 23. Qe1 e4 24. Bb1 f5 25. c4 f4 26. Rc3 e3+ 27. Nxe3 fxe3+ 28. Rxe3 Qf4+ 29. Rf3 Qh2+ 0-1

[Event "Sparkassen-Open B"]
[Site "Heusenstamm, Martinsee"]
[Date "2023.11.25"]
[Round "5.9"]
[White "Fuchs, Andreas"]
[Black "Glavev, Danail"]
[Result "0-1"]
[WhiteElo "1609"]
[BlackElo "1361"]
[PlyCount "68"]
[EventDate "2023.??.??"]
[WhiteTeam "SC Ober-Ramstadt"]
[BlackTeam "SK Bad Homburg 1927"]

1. e4 e5 2. f4 d6 3. Nf3 exf4 4. d4 d5 5. exd5 Qxd5 6. Nc3 Qd8 7. Bxf4 Nf6 8. Bc4 Be7 9. O-O O-O 10. Ne5 Nbd7 11. Qf3 Nb6 12. Rad1 Nxc4 13. Nxc4 Bg4 14. Qg3 Bxd1 15. Rxd1 Nh5 16. Bxc7 Nxg3 17. Bxd8 Rfxd8 18. hxg3 Bf6 19. d5 Bxc3 20. bxc3 Rac8 21. Rd4 Rc5 22. d6 Rc6 23. Na5 Rcxd6 24. Nxb7 Rxd4 25. cxd4 Rxd4 26. Kf1 Rc4 27. a4 Rxc2 28. a5 Ra2 29. g4 Kf8 30. g5 Ke7 31. g4 Kd7 32. Nc5+ Kc6 33. Nb3 Kb5 34. Ke1 Rxa5 0-1

[Event "Sparkassen-Open B"]
[Site "Heusenstamm, Martinsee"]
[Date "2023.11.25"]
[Round "5.10"]
[White "Carvelli, Nicolas"]
[Black "Ghaznavi, Massoud"]
[Result "1/2-1/2"]
[WhiteElo "1462"]
[BlackElo "1563"]
[PlyCount "125"]
[EventDate "2023.??.??"]
[WhiteTeam "SF Seligenstadt 05"]
[BlackTeam "SV Oberursel"]

1. d4 d5 2. c4 c6 3. g3 Bf5 4. Bg2 e6 5. Nf3 Bxb1 6. Rxb1 Qa5+ 7. Bd2 Qxa2 8. b3 Qa6 9. Qc2 b6 10. O-O Qb7 11. e4 Nf6 12. e5 Ne4 13. Bc1 Be7 14. Nd2 Nxd2 15. Bxd2 O-O 16. f4 Nd7 17. f5 exf5 18. Rxf5 g6 19. Rf2 f5 20. Rbf1 Rac8 21. h4 Kg7 22. Qc1 Kh8 23. Bh6 Rg8 24. Kh2 Bf8 25. Bg5 Bg7 26. h5 gxh5 27. Rxf5 Rcf8 28. Bf6 Bxf6 29. exf6 Rg6 30. f7 Qc7 31. R1f3 h4 32. Qe3 Rxg3 33. Rxg3 hxg3+ 34. Qxg3 Qxg3+ 35. Kxg3 Kg7 36. cxd5 cxd5 37. Bxd5 h6 38. Bc4 Rc8 39. Rf3 Nf8 40. Re3 Rc7 41. Kf4 a5 42. Kf5 Nh7 43. Ke5 Rc6 44. Kd5 Rf6 45. Re6 Kxf7 46. Rxf6+ Nxf6+ 47. Kc6+ Ke7 48. Kxb6 h5 49. Kxa5 h4 50. Bf1 Kd6 51. Bg2 Nh5 52. Ka6 Nf4 53. Be4 Nd5 54. Ka5 h3 55. b4 Nc3 56. Bh1 Ne2 57. Ka6 Nxd4 58. b5 Kc7 59. b6+ Kb8 60. b7 Nf5 61. Kb6 Ng3 62. Bf3 h2 63. Bg2 1/2-1/2

[Event "Sparkassen-Open B"]
[Site "Heusenstamm, Martinsee"]
[Date "2023.11.25"]
[Round "5.11"]
[White "Bauer, Ottmar"]
[Black "Friedel, Thomas"]
[Result "1-0"]
[WhiteElo "1713"]
[BlackElo "1498"]
[PlyCount "71"]
[EventDate "2023.??.??"]
[WhiteTeam "TSV 1869 Rottendorf"]
[BlackTeam "SV 1946 Groß-Gerau"]

1. e4 e5 2. Nf3 d6 3. d4 exd4 4. Nxd4 Nf6 5. Nc3 Be7 6. h3 O-O 7. Be3 Re8 8. Bd3 Nbd7 9. Nf5 Bf8 10. g4 Nc5 11. Ng3 d5 12. exd5 Nxd3+ 13. Qxd3 Bb4 14. O-O-O Bxc3 15. Qxc3 Nxd5 16. Qb3 Be6 17. c4 c6 18. Rhe1 Qa5 19. cxd5 Bxd5 20. Rxd5 cxd5 21. Rd1 Rac8+ 22. Kb1 Rc4 23. a3 Rec8 24. Nf5 Rd8 25. Qxb7 Rc7 26. Qb3 g6 27. Nd4 Qa6 28. Qb5 Qc8 29. Nb3 Rb7 30. Qa4 Qb8 31. Rd3 Rc8 32. Bd4 Rc4 33. Qa5 Rb5 34. Qxa7 Rxd4 35. Qxb8+ Rxb8 36. Nxd4 1-0

[Event "Sparkassen-Open B"]
[Site "Heusenstamm, Martinsee"]
[Date "2023.11.25"]
[Round "5.12"]
[White "Steinke, Hans-Jörg"]
[Black "Henzelmann, Matthias"]
[Result "1/2-1/2"]
[WhiteElo "1701"]
[BlackElo "1469"]
[PlyCount "62"]
[EventDate "2023.??.??"]
[WhiteTeam "SV Erkenschwick 1923 e"]
[BlackTeam "SC Heuchelheim"]

1. d4 d5 2. c4 dxc4 3. Nc3 e6 4. Nf3 Nf6 5. Bg5 Be7 6. e3 O-O 7. Bxc4 c5 8. Qe2 Nc6 9. Rd1 Qb6 10. O-O cxd4 11. Nxd4 a6 12. Na4 Qc7 13. Nc3 Bd7 14. Nf3 Rfd8 15. e4 Ne5 16. Bb3 Nxf3+ 17. gxf3 Bc6 18. Rfe1 Nh5 19. Qe3 Bd6 20. Bxd8 Rxd8 21. e5 Be7 22. Rxd8+ Qxd8 23. f4 g6 24. Rd1 Qc7 25. Ne4 b6 26. Rc1 Qb7 27. Ng3 Bc5 28. Rxc5 bxc5 29. Nxh5 gxh5 30. Qg3+ Kh8 31. Qg5 Qb4 1/2-1/2

[Event "Sparkassen-Open B"]
[Site "Heusenstamm, Martinsee"]
[Date "2023.11.25"]
[Round "5.13"]
[White "Lasschuit, Rene"]
[Black "Goodwin, David"]
[Result "1-0"]
[WhiteElo "1614"]
[BlackElo "1469"]
[PlyCount "97"]
[EventDate "2023.??.??"]
[WhiteTeam "SV Berolina Mitte e.V."]
[BlackTeam "SV 1920 Kelsterbach"]

1. Nf3 g6 2. g3 Bg7 3. Bg2 d6 4. d4 Nd7 5. O-O c5 6. dxc5 Nxc5 7. c3 Rb8 8. Be3 b6 9. Nbd2 Nf6 10. Nd4 Bd7 11. Nc6 Bxc6 12. Bxc6+ Ncd7 13. Nb3 O-O 14. Nd4 Qc7 15. Bg2 Ng4 16. Nb5 Qd8 17. Bd4 Ngf6 18. Nxa7 Qc7 19. Nc6 Rbe8 20. Qb3 Nc5 21. Qb5 d5 22. b4 Nce4 23. f3 Nd6 24. Qxb6 Qxb6 25. Bxb6 Nd7 26. Bd4 e5 27. Bf2 e4 28. Bd4 Bh6 29. a4 Nc4 30. Ra2 Ne3 31. Rfa1 f5 32. a5 Nc4 33. b5 Be3+ 34. Bxe3 Nxe3 35. a6 Nxg2 36. Kxg2 exf3+ 37. exf3 Nb6 38. a7 Re3 39. Ra6 Na8 40. b6 Rxc3 41. b7 Nc7 42. b8=Q Nxa6 43. Qxf8+ Kxf8 44. a8=Q+ Kg7 45. Rxa6 Rc2+ 46. Kh3 Kh6 47. Qf8+ Kh5 48. Qf6 Rf2 49. Qh4# 1-0

[Event "Sparkassen-Open B"]
[Site "Heusenstamm, Martinsee"]
[Date "2023.11.25"]
[Round "5.14"]
[White "Dietrich, Fabian"]
[Black "Fernandez Garcia, Alfonso Javier"]
[Result "1/2-1/2"]
[WhiteElo "1413"]
[BlackElo "1600"]
[PlyCount "51"]
[EventDate "2023.??.??"]
[WhiteTeam "SK Marburg 1931/72"]
[BlackTeam "SV 1926 Neu-Isenburg"]

1. Nf3 Nf6 2. c4 g6 3. Nc3 Bg7 4. g3 d6 5. Bg2 Nbd7 6. d4 c6 7. O-O O-O 8. e4 e5 9. d5 Nc5 10. Re1 a5 11. h3 Qc7 12. Qc2 Bd7 13. Be3 Ne8 14. Nh4 Qc8 15. Kh2 Nf6 16. f4 exf4 17. Bxf4 Ne8 18. Rad1 Be5 19. Bxe5 dxe5 20. Nf3 f6 21. a3 a4 22. Rf1 Qb8 23. Nh4 Qa7 24. Rf2 Kg7 25. Rdf1 Qa6 26. Rc1 1/2-1/2

[Event "Sparkassen-Open B"]
[Site "Heusenstamm, Martinsee"]
[Date "2023.11.25"]
[Round "5.15"]
[White "Lopez Fuertes, Victor"]
[Black "Naghizade, Farid"]
[Result "0-1"]
[WhiteElo "1614"]
[BlackElo "1468"]
[PlyCount "36"]
[EventDate "2023.??.??"]
[WhiteTeam "SC 1910 Höchst"]
[BlackTeam "SC Heusenstamm"]

1. e4 e5 2. Nf3 Nc6 3. d4 exd4 4. Nxd4 Bc5 5. Nxc6 bxc6 6. Nc3 Qf6 7. Qd2 Ne7 8. Bd3 d5 9. exd5 cxd5 10. O-O O-O 11. Nxd5 Nxd5 12. Bxh7+ Kxh7 13. Qxd5 Ba6 14. Qxc5 Bxf1 15. Kxf1 Rad8 16. Qh5+ Kg8 17. c3 Rfe8 18. Be3 Rxe3 0-1

[Event "Sparkassen-Open B"]
[Site "Heusenstamm, Martinsee"]
[Date "2023.11.25"]
[Round "5.16"]
[White "Moldenhauer, Nils"]
[Black "Fettig, Michel"]
[Result "0-1"]
[WhiteElo "1453"]
[BlackElo "1469"]
[PlyCount "74"]
[EventDate "2023.??.??"]
[WhiteTeam "SV Oberursel"]
[BlackTeam "SC ML Kastellaun"]

1. e4 e6 2. d4 d5 3. exd5 exd5 4. Nf3 Nc6 5. Bb5 Bd7 6. Bf4 Nf6 7. O-O Be7 8. c3 O-O 9. Nbd2 a6 10. Ba4 b5 11. Bb3 Na5 12. Bc2 Bg4 13. h3 Bh5 14. Re1 Bd6 15. Bg5 h6 16. Bh4 Nc4 17. Nxc4 bxc4 18. Ba4 g5 19. Bg3 Bxg3 20. fxg3 Qd6 21. g4 Bg6 22. Ne5 Ne4 23. Qf3 f5 24. Qe3 f4 25. Qf3 Nd2 26. Qe2 f3 27. gxf3 Nxf3+ 28. Nxf3 Qg3+ 29. Qg2 Qxf3 30. Rf1 Qe3+ 31. Kh2 Be4 32. Qg3 Qe2+ 33. Kg1 Bd3 34. Rf2 Qe4 35. Bd7 Rxf2 36. Qxf2 Rf8 37. Qg2 Qe3+ 0-1

[Event "Sparkassen-Open B"]
[Site "Heusenstamm, Martinsee"]
[Date "2023.11.25"]
[Round "5.17"]
[White "Pishnograev, Ilya"]
[Black "Gräßer, Malte"]
[Result "1/2-1/2"]
[WhiteElo "1300"]
[BlackElo "1462"]
[PlyCount "45"]
[EventDate "2023.??.??"]
[WhiteTeam "SK Bad Homburg 1927"]
[BlackTeam "Sfr.Heidesheim"]

1. e4 e6 2. d4 d5 3. exd5 exd5 4. Bd3 Bd6 5. Nf3 Nf6 6. h3 h6 7. O-O O-O 8. Re1 Re8 9. Rxe8+ Qxe8 10. c4 dxc4 11. Bxc4 Nbd7 12. Be3 Nb6 13. Bd3 Nbd5 14. Bd2 b6 15. Nc3 Bd7 16. Qc2 Nb4 17. Qb1 Nxd3 18. Qxd3 Bc6 19. Re1 Qd7 20. Ne5 Bxe5 21. Rxe5 Rd8 22. Be3 Qd6 23. Rf5 1/2-1/2

[Event "Sparkassen-Open B"]
[Site "Heusenstamm, Martinsee"]
[Date "2023.11.25"]
[Round "5.18"]
[White "Hofmann, André"]
[Black "Müller, Jens"]
[Result "1/2-1/2"]
[WhiteElo "1380"]
[BlackElo "1497"]
[PlyCount "80"]
[EventDate "2023.??.??"]
[WhiteTeam "Düsseldorfer SV 1854"]
[BlackTeam "SV 1920 Hofheim"]

1. d4 Nf6 2. Bf4 d5 3. Nf3 c5 4. e3 Nc6 5. Bb5 Qb6 6. Bxc6+ Qxc6 7. Nc3 Bf5 8. Ne5 Qb6 9. b3 cxd4 10. exd4 e6 11. Ne2 Bb4+ 12. c3 Be7 13. b4 O-O 14. Bg5 Rfd8 15. Ng3 Bg6 16. Nxg6 hxg6 17. h4 Qc7 18. Qd3 Rac8 19. Rc1 Bxb4 20. Bxf6 gxf6 21. h5 Qc4 22. Qxc4 Rxc4 23. Kd2 Bd6 24. Ne2 Rdc8 25. hxg6 fxg6 26. Rh6 Kg7 27. Rch1 f5 28. Rh7+ Kf6 29. Rxb7 R4c7 30. Rh7 Rxh7 31. Rxh7 Rc7 32. Rh1 Rb7 33. Kc2 Ba3 34. Rb1 Rxb1 35. Kxb1 g5 36. Kc2 f4 37. Kb3 Bd6 38. Ka4 Bc7 39. Kb5 a5 40. Nc1 e5 1/2-1/2